Datum a čas kvízu
29
Celkem bodů
Celkový počet nahraných bodů na tomto kvízu bez doplňovacích otázek.
7.
Pořadí na kvízu
Konečné umístění týmu na tomto kvízu.
Zaznamenané odpovědi
| # | Otázka | Odpověď | Body | Výsledky |
|---|---|---|---|---|
| 1. | Zástupci české armády v posled... | Leopard | 1 | |
| 2. | Jak se jmenuje nezávislý kandi... | Robert Francis Kennedy Jr. | 0 | |
| 3. | Pondělní vyřizování účtů mezi... | Aleš Bejr | 0 | |
| 4. | Minulý týden si žena na severu... | s bambulí (od čepice) | 0 | |
| 5. | Kterými slovy na KF se nazývá... | kolem Flander | 1 | |
| 6. | Věříme, že ovládáte velkou pal... | Drahá vlasti | 1 | |
| 7. | Zhruba 56 tisíc lidí obývá ost... | Grónsko | 0 | |
| 8. | Vyberte zemi, jejíž zkratka ná... | A | 1 | |
| 9. | Řeka Dunaj díky své délce prot... | 1C 2D 3B 4A | 1 | |
| 10. | Caerdydd je alternativní název... | Cardiff | 0 |